Účtovníctvo a vykazovanie poisťovní podľa IFRS

Prezentácia monografie Účtovníctvo a vykazovanie poisťovní podľa IFRS, ktorá predstavuje významný výstup z vedeckého projektu VEGA 1/4587/07. Monografia je učebnou pomôckou pre výučbu predmetu Účtovníctvo poisťovní na druhom stupni inžinierskeho štúdia na Ekonomickej univerzite v Bratislave.

Guardado en:
Detalles Bibliográficos
Autor principal: Meluchová, Jitka, 1965-
Formato: Capítulo de libro
Lenguaje:eslovaco
Materias:
Etiquetas: Agregar Etiqueta
Sin Etiquetas, Sea el primero en etiquetar este registro!

MARC

LEADER 00000naa$a2200000$$$4500
001 0114174
005 20240502072254.4
041 0 |a slo 
044 |a SK 
245 1 0 |a Účtovníctvo a vykazovanie poisťovní podľa IFRS  |c Jitka Meluchová 
520 |a Prezentácia monografie Účtovníctvo a vykazovanie poisťovní podľa IFRS, ktorá predstavuje významný výstup z vedeckého projektu VEGA 1/4587/07. Monografia je učebnou pomôckou pre výučbu predmetu Účtovníctvo poisťovní na druhom stupni inžinierskeho štúdia na Ekonomickej univerzite v Bratislave. 
610 2 0 |a účtovníctvo 
610 2 0 |a poisťovne 
610 2 0 |a učebnice 
610 2 0 |a štandardy účtovné medzinárodné 
610 2 0 |a vzdelávanie vysokoškolské 
100 1 |a Meluchová, Jitka, 1965-